<?xml version="1.0" encoding="UTF-8"?><?xml-stylesheet type="text/xsl" href="static/style.xsl"?><OAI-PMH xmlns="http://www.openarchives.org/OAI/2.0/" xmlns:xsi="http://www.w3.org/2001/XMLSchema-instance" xsi:schemaLocation="http://www.openarchives.org/OAI/2.0/ http://www.openarchives.org/OAI/2.0/OAI-PMH.xsd"><responseDate>2026-04-28T19:51:54Z</responseDate><request verb="GetRecord" identifier="oai:uvadoc.uva.es:10324/67794" metadataPrefix="marc">https://uvadoc.uva.es/oai/request</request><GetRecord><record><header><identifier>oai:uvadoc.uva.es:10324/67794</identifier><datestamp>2024-05-23T19:10:33Z</datestamp><setSpec>com_10324_2555</setSpec><setSpec>col_10324_2557</setSpec></header><metadata><record xmlns="http://www.loc.gov/MARC21/slim" xmlns:doc="http://www.lyncode.com/xoai" xmlns:xsi="http://www.w3.org/2001/XMLSchema-instance" xmlns:dcterms="http://purl.org/dc/terms/" xsi:schemaLocation="http://www.loc.gov/MARC21/slim http://www.loc.gov/standards/marcxml/schema/MARC21slim.xsd">
<leader>00925njm 22002777a 4500</leader>
<datafield tag="042" ind1=" " ind2=" ">
<subfield code="a">dc</subfield>
</datafield>
<datafield tag="720" ind1=" " ind2=" ">
<subfield code="a">Delgado Huertos, Enrique</subfield>
<subfield code="e">author</subfield>
</datafield>
<datafield tag="260" ind1=" " ind2=" ">
<subfield code="c">2024</subfield>
</datafield>
<datafield tag="520" ind1=" " ind2=" ">
<subfield code="a">Se incorporan en esta tercera entrega de Viajes de prácticas, los dossieres correspondientes a la ciudad de Logroño, la ciudad de Ávila, la ciudad de León, la Comarca de la Ribera del Duero, las Hoces del río Riaza y el nordeste de la Comarca de Sepúlveda (Segovia), la ciudad de Santander, la Comarca de la Demanda (Burgos), Tierra de Campos y Montes Torozos, la Comarca de Toro, la ciudad de Soria y la comarca agraria de la Bureba-Ebro (Burgos).&#xd;
Cada dossier nos acerca a los aspectos del paisaje natural, los paisajes humanos, los espacios naturales protegidos, la demografía, los usos del suelo, la actividad agraria e industrial, la estructura urbana, el análisis del hábitat y la arquitectura tradicional , etc.&#xd;
Además contiene información relativa a los equipamientos de uso educativo y los recursos didácticos existentes para el territorio o para el tema dominante en la salida.</subfield>
</datafield>
<datafield tag="024" ind2=" " ind1="8">
<subfield code="a">https://uvadoc.uva.es/handle/10324/67794</subfield>
</datafield>
<datafield ind1=" " ind2=" " tag="653">
<subfield code="a">54 Geografía</subfield>
</datafield>
<datafield tag="245" ind1="0" ind2="0">
<subfield code="a">Viajes de Prácticas del Área de Geografía Humana de la Facultad de Educación de Palencia (2020-2024)</subfield>
</datafield>
</record></metadata></record></GetRecord></OAI-PMH>